000 00360nam a2200157Ia 4500
003 0STCL
008 150530s9999 xx 000 0 und d
040 _aSTCL
_cSTCL
100 _aHubbell, J.B.; Editor
245 _aAmerican life in literature vol-1
260 _c1949
546 _aEnglish
942 _2ddc
_cBK
999 _c67622
_d67622
005 20220125171346.0